Culture Générale - Série 842 - Statistiques

Statistiques générales
  • Ce quiz a été pris 118 fois
  • Le résultat moyen est 5 sur 10
Statistiques - réponses
Question Réponse % Correct
De quel État, l'actrice Grace Kelly est-elle devenue princesse en 1956 ? Monaco
97%
Quelle note de musique est aussi le nom d'une île française de l'Atlantique ?
93%
Quelle femme politique ayant libéralisé l'accès à la contraception est à l'origine de la loi sur l'I.V.G. ? Simone Veil
93%
En 1974, quel objet pleure dans le titre d'un tube de Claude François ? téléphone
89%
Jeu d'adresse pratiqué avec des baguettes ou empereur du Japon mikado
78%
Quel adjectif qualifie une usine qui tire spécifiquement son énergie de la force motrice des marées ? marémotrice
40%
Qu'est-ce qu'une pinasse ou pinassote ? bateau
23%
Quel est le prénom de Rameau, le compositeur en 1737, de : "Castor et Pollux ? Jean-Philippe
17%
C'est le nom de l'animal appelé "chat musqué" ou de la plante aromatique appelée "ciboulette" civette
10%
Créé par Jean Cézard, quel fantôme écossais, justicier de B.D., peut traverser les murs et les époques ? Arthur
5%
Aucun quiz correspondant
Distribution des résultats
% des personnes avec chaque résultat
Percentile par nombre de réponses
Votre historique - résultats
Vous n’avez pas pris ce quiz